000 01704cad a22002775a 4500
001 L159356
008 161028s2016 xxk f 000 0 eng d
020 _a9781783211654
035 _a(Sirsi) u159356
041 0 _aeng
110 2 _aRoyal Institution of Chartered Surveyors
_94900
245 0 8 _aRICS UK commercial real estate agency standards
_bRICS Professional Statement October 2016
_h[electronic resource]
250 _a1st ed
260 _aCoventry
_bRICS
_c2016
490 0 _aRICS Purple Book
490 0 _aRICS Professional Statement UK
520 _aSets out the responsibilities of commercial property agents to ensure they are working to the highest ethical and professional standards. Outlines the principles that shape the culture of fairness and transparency that underpin all activities undertaken by real estate agents within whichever country of practice. These principles are then developed for the UK market later in the document. Covers standards and ethics, securing instructions, marketing the property, implementing the disposal, acquisitions and ending the instruction. Concludes Appendix A Glossary of terms used.
520 _aThis professional statement was amended January 2022 to update references to the RICS Rules of Conduct
520 _aSupersedes RICS UK Commercial Real Estate Agency Standards 1st ed Guidance Note ISBN 978184219704
590 _aKA
651 4 _aUnited Kingdom
690 _aCommercial property
_96227
690 _aSALES
_96269
856 4 0 _uhttps://www.rics.org/profession-standards/rics-standards-and-guidance/sector-standards/real-estate-standards/uk-commercial-real-estate-agency
_zAvailable free on RICS.org
942 _n0
_2ddc
999 _c115832
_d115832